| 000 | 00511nam a22001937a 4500 | ||
|---|---|---|---|
| 999 |
_c15230 _d15230 |
||
| 003 | OSt | ||
| 005 | 20210701104912.0 | ||
| 008 | 161124b xxu||||| |||| 00| 0 eng d | ||
| 020 | _a324168624 | ||
| 040 |
_cMMU _aMMU _beng _dMMU |
||
| 050 | _aHB 1715 .M264 2004 | ||
| 245 |
_aPrinciples of Economics / _c Mankiw Gregory N. |
||
| 250 | _a3rd ed. | ||
| 260 |
_aCanada : _bThomson , _c2004. |
||
| 300 | _axxxix, 848 p. : | ||
| 500 | _aIncludes index | ||
| 650 |
_a_Economics _9179 |
||
| 942 |
_2lcc _cLOAN LOAN |
||